000 00874cab a2200277 4500
001 ABS53181
008 090401t1995 xxu||||| |||| 00| 0 eng d
035 _a(Sirsi) u2549
041 _aeng
100 _aHoldsworth, P.
245 _aBetter by design
260 _c1995
350 _a0
490 _aProperty Week
_v52(4) 27 July 1995, 32-33(2)
520 _aIntroduces a new course in design-brief management. The course at the Institute of Advanced Architectural Studies, York University, aims to ease the process of the design brief for clients and designers.
650 _aBRIEFING
650 _aCLIENTS
650 _aCOMMISSIONING
650 _aDESIGN BRIEFS
650 _aCAREERS, EDUCATION AND TRAINING
650 _aNEW BUILD
650 _aProcurement-old
690 _aBUILT ENVIRONMENT-CONSTRUCTION DESIGN
942 _n0
948 _c04/03/1997
999 _c1533
_d1533